Slums in India NSS 49th round, Jan to June 93 report no. 17 (Record no. 1458695)

MARC details
000 -LEADER
fixed length control field 00484nam a2200157Ia 4500
005 - DATE AND TIME OF LATEST TRANSACTION
control field 20250923150028.0
008 - FIXED-LENGTH DATA ELEMENTS--GENERAL INFORMATION
fixed length control field 008 250917s9999 xx 000 0 eng d
037 ## - SOURCE OF ACQUISITION
Stock number Reports
040 ## - CATALOGING SOURCE
Original cataloging agency DSWL
Language of cataloging eng
Transcribing agency DSWL
041 ## - LANGUAGE CODE
Language code of text/sound track or separate title eng
Source of code eng
084 ## - COLON CLASSIFICATION NUMBER
Classification number Y57-25N23, N97
Assigning agency DSWL
245 #0 - TITLE STATEMENT
Title Slums in India NSS 49th round, Jan to June 93 report no. 17
Statement of responsibility, etc. by N.S.S.O. India.
260 ## - PUBLICATION, DISTRIBUTION, ETC.
Place of publication, distribution, etc. New Delhi
Name of publisher, distributor, etc. N.S.S.O.
Date of publication, distribution, etc. 1997
942 ## - ADDED ENTRY ELEMENTS (KOHA)
Koha item type Reports
Classification part Y57-25N23, N97
Holdings
Withdrawn status Lost status Damaged status Not for loan Home library Current library Date acquired Total Checkouts Full call number Barcode Date last seen Price effective from Koha item type
        Department of Social Work Library Department of Social Work Library 2025-09-23   Y57-25N23, N97 SW0027136 2025-09-23 2025-09-23 Reports
Copyright @ Delhi University Library System